000 00644nam a22001577a 4500
999 _c16263
_d16263
008 210916b ||||| |||| 00| 0 eng d
022 _a0732-8435
082 _aDPer 657.05 C33 Apr - Sept 2016, v86 n4-9
100 _aRosenthal, Corey
_942781
245 _aNew York's enhanced collection procedures for delinquent taxpayer:
_bdriver's license suspension program/
_cCorey Rosenthal and Annie Yang.
260 _aNew York:
_bThe New York State Society of CPA,
_c©2016.
300 _av86 n5, pages 64-65;
_billustrations:
_c28 cm.
650 _aTaxation
_zUnited States of America.
_943034
700 _aYang, A.
_eAuthor.
_943590
942 _2ddc
_cPER